<?xml version="1.0" encoding="UTF-8"?><?xml-stylesheet type="text/xsl" href="static/style.xsl"?><OAI-PMH xmlns="http://www.openarchives.org/OAI/2.0/" xmlns:xsi="http://www.w3.org/2001/XMLSchema-instance" xsi:schemaLocation="http://www.openarchives.org/OAI/2.0/ http://www.openarchives.org/OAI/2.0/OAI-PMH.xsd"><responseDate>2026-04-14T06:24:40Z</responseDate><request verb="GetRecord" identifier="oai:www.recercat.cat:10459.1/69638" metadataPrefix="marc">https://recercat.cat/oai/request</request><GetRecord><record><header><identifier>oai:recercat.cat:10459.1/69638</identifier><datestamp>2024-12-05T23:07:58Z</datestamp><setSpec>com_2072_3622</setSpec><setSpec>col_2072_478537</setSpec></header><metadata><record xmlns="http://www.loc.gov/MARC21/slim" xmlns:dcterms="http://purl.org/dc/terms/" xmlns:xsi="http://www.w3.org/2001/XMLSchema-instance" xmlns:doc="http://www.lyncode.com/xoai" xsi:schemaLocation="http://www.loc.gov/MARC21/slim http://www.loc.gov/standards/marcxml/schema/MARC21slim.xsd">
   <leader>00925njm 22002777a 4500</leader>
   <datafield ind2=" " ind1=" " tag="042">
      <subfield code="a">dc</subfield>
   </datafield>
   <datafield ind2=" " ind1=" " tag="720">
      <subfield code="a">Vilaseca Villas, Víctor</subfield>
      <subfield code="e">author</subfield>
   </datafield>
   <datafield ind2=" " ind1=" " tag="260">
      <subfield code="c">2020-10-13T11:29:47Z</subfield>
   </datafield>
   <datafield ind2=" " ind1=" " tag="260">
      <subfield code="c">2020-10-13T11:29:47Z</subfield>
   </datafield>
   <datafield ind2=" " ind1=" " tag="260">
      <subfield code="c">2020-07</subfield>
   </datafield>
   <datafield ind2=" " ind1=" " tag="520">
      <subfield code="a">Abstract&#xd;
Ilerna Online is an internacional business exclusively dedicated to promote and support professional&#xd;
formation on the bases made up by and quality, using new techonologies and focusing on online&#xd;
learning. Ilerna Online is compound by several departments which lead it's path to the top.&#xd;
The project titled "Aplicació per al seguiment de correus electrònics transaccionals" is impulsed&#xd;
internally by the IT department. Seeking the objective of real-time transaction email tracking, the&#xd;
IT department want an absolute control over all transactional mailing sent from the company.&#xd;
Thus the main objectives of the project are to create a software that allows a new metric, with&#xd;
all the information about the emails that have been sent, to be created, studied and stored. In&#xd;
addition we want to create a tool that will be able to centralize all diferent sending points into one,&#xd;
and furthermore it will provide a visual way retrive all the data stored need to be implemented.</subfield>
   </datafield>
   <datafield ind2=" " ind1=" " tag="520">
      <subfield code="a">Ilerna Online és una empresa d'àmbit internacional, lider en Formació Professional online, dedicada&#xd;
a promoure una formació professionalitzadora i integradora basada en la innovació i el desenvolupament&#xd;
constant en els diferents àmbits utilitzant les noves tecnologies en tots els seus departaments.&#xd;
Això ha fet que sigui una organització puntera en l'àmbit de la formació a distància essent actualment&#xd;
un centre de referència. El projecte a desenvolupar s'anomena "Aplicació per al seguiment de correus electrònics transaccionals",és un projecte consistent en la integració i utilització de diverses eines de programació per tal d'aconseguir un seguiment, a temps real, dels correus transaccionals enviats des de l'empresa, impulsat internament des del departament d'informàtica amb el que ha col·laborat.&#xd;
L'objectiu és crear un software que ens permeti disposar d'unes mètriques que continguin totes les dades necessàries per així poder analitzar el comportament en els receptors dels correus electrònics transaccionals. Aquesta eina permetrà centralitzar tots els diferents punts d'enviament de correu i gestionar-los. A més ajudarà a la visualització i tractament de les dades aconseguides.</subfield>
   </datafield>
   <datafield ind1="8" ind2=" " tag="024">
      <subfield code="a">http://hdl.handle.net/10459.1/69638</subfield>
   </datafield>
   <datafield tag="653" ind2=" " ind1=" ">
      <subfield code="a">email</subfield>
   </datafield>
   <datafield tag="653" ind2=" " ind1=" ">
      <subfield code="a">Big data</subfield>
   </datafield>
   <datafield tag="653" ind2=" " ind1=" ">
      <subfield code="a">Amazon</subfield>
   </datafield>
   <datafield tag="653" ind2=" " ind1=" ">
      <subfield code="a">Correu electrònic</subfield>
   </datafield>
   <datafield tag="653" ind2=" " ind1=" ">
      <subfield code="a">Dades massives</subfield>
   </datafield>
   <datafield ind2="0" ind1="0" tag="245">
      <subfield code="a">Aplicació per al seguiment de correus electrònics transaccionals</subfield>
   </datafield>
</record></metadata></record></GetRecord></OAI-PMH>